000 00684nam a22002177a 4500
003 DO-SdBNP
005 20240611101411.0
008 160314b 2004 ag| 00| 0 spa d
020 _a9875503576
040 _aBPMSU
_bspa
_cBPMSU
082 4 _a823
_bC965i 2004
_222
245 0 0 _aCuentos ingleses de misterio /
_cDaniel Defoe ; traducción, compilación Ramón D. Tarruella.
260 _aBuenos Aires :
_bLongseller,
_c2004.
300 _a239 p. :
_c18cm
490 0 _aClásicos de siempre ;
_aCuentos
590 _aInventariado, 2025/VM
650 4 _acuentos ingleses
700 1 _aTarruella, Ramón D.
_etraductor
910 _aVMateo V. Control de calidad. BPMSU
942 _2ddc
_cBK
999 _c9202
_d9202